LEADER 01040nam0-22002891i-450- 001 990004192170403321 005 20080617092948.0 035 $a000419217 035 $aFED01000419217 035 $a(Aleph)000419217FED01 035 $a000419217 100 $a19990604d1964----km-y0itay50------ba 101 0 $aita 105 $ay-------001yy 200 1 $a" Vorrede " ed "Einleitung " alla "Critica del giudizio di Kant$eEsame e lettura di un testo filosofico$fLuciano Anceschi 210 $aBologna$cCooperativa Libreria Universitaria Editoriale$d1964 215 $a94 p.$d22 cm 225 1 $aPubblicazioni$fUniversitą degli Studi di Bologna. Facoltą di Letteree Filosofia 300 $aCorso di estetica per l'anno 1963-64 700 1$aAnceschi,$bLuciano$f<1911-1995>$035062 801 0$aIT$bUNINA$gRICA$2UNIMARC 901 $aBK 912 $a990004192170403321 952 $aP.1 7D KANT/S 52$bST.FIL.7197$fFLFBC 959 $aFLFBC 996 $a" Vorrede " ed "Einleitung " alla "Critica del giudizio di Kant$9484223 997 $aUNINA LEADER 01555nam 2200409 n 450 001 996394887803316 005 20221108043102.0 035 $a(CKB)3810000000009565 035 $a(EEBO)2264214120 035 $a(UnM)9928087500971 035 $a(UnM)99829155 035 $a(EXLCZ)993810000000009565 100 $a19950524d1682 uy | 101 0 $aeng 135 $aurbn||||a|bb| 200 12$aA godly sermon of Peter's repentance$b[electronic resource] $eafter he had denyed his Lord and master Jesus Christ, as it is in his repentance, he wept bittrely for his sins. The fourteenth edition, corrected and enlarged, and set forth for the good of all those that truly fear God. By a godly pastor 210 $aLondon $cprinted for J. Wright, J. Clarke, W. Thackeray, and T. Passenger$d1682 215 $a[24] p. $cill 300 $aGodly pastor = John Hart, D.D. 300 $aRunning title reads: Peter's sermon of repentance. 300 $aWith a final advertisement leaf. 300 $aSignatures: A B⁓. 300 $aReproduction of the original in the Magdalene College Library, Cambridge. 330 $aeebo-0085 606 $aRepentance$vEarly works to 1800 606 $aSermons, English$y17th century 615 0$aRepentance 615 0$aSermons, English 700 $aHart$b John$cD.D.$0195672 801 0$bCu-RivES 801 1$bCu-RivES 801 2$bCStRLIN 801 2$bWaOLN 906 $aBOOK 912 $a996394887803316 996 $aA godly sermon of Peter's repentance$92355572 997 $aUNISA